000 00507nam a2200205Ia 4500
005 20240823031143.0
008 240823s9999||||xx |||||||||||||| ||und||
020 _a978-81-315-0660-8
041 _aENGLISH
082 _A001.42 P8
100 _aEmily Stier Adler
245 0 _aInvitation to Social Research
250 _a1st
260 _c2008
_bWadsworth cengage Lea
500 _aYES
650 _aSocial Research
_bManagement Studies
700 _a Roger Clark
942 _cBK
999 _c190398
_d190398